[Event "Rheinland Pfalz op 6th"]
[Site "Gau Algesheim"]
[Date "2014.06.21"]
[Round "5"]
[White "Brinckmann, Dieter"]
[Black "Weber, Frank"]
[Result "1-0"]
[WhiteElo "1887"]
[BlackElo "1716"]
[PlyCount "53"]
[EventDate "2014.06.19"]
[EventType "swiss"]
[EventRounds "7"]
[EventCountry "GER"]
[SourceTitle "CBM 161 Extra"]
[Source "ChessBase"]
[SourceDate "2014.08.29"]
[SourceVersion "1"]
[SourceVersionDate "2014.08.29"]
[SourceQuality "1"]

1. d4 Nf6 2. c4 c5 3. d5 e6 4. Nc3 exd5 5. cxd5 d6 6. Nf3 Bg4 7. Nd2 a6 8. a4 Nbd7 9. Nc4 Nb6 10. Nxb6 Qxb6 11. a5 Qd8 12. Qb3 Rb8 13. e4 Qe7 14. f3 Bf5 15. Bxa6 Bd7 16. Bxb7 Qd8 17. a6 Be7 18. a7 0-0 19. axb8Q Qxb8 20. Ra8 Qc7 21. Rxf8+ Kxf8 22. 0-0 Qb8 23. Be3 Bc8 24. Ra1 Bxb7 25. Ra5 Bd8 26. Rb5 Qa8 27. Rxb7 1-0

[Event "Rheinland Pfalz op 6th"]
[Site "Gau Algesheim"]
[Date "2014.06.19"]
[Round "1"]
[White "Mueller, Lutz"]
[Black "Weber, Frank"]
[Result "1-0"]
[WhiteElo "2089"]
[BlackElo "1716"]
[PlyCount "65"]
[EventDate "2014.06.19"]
[EventType "swiss"]
[EventRounds "7"]
[EventCountry "GER"]
[SourceTitle "CBM 161 Extra"]
[Source "ChessBase"]
[SourceDate "2014.08.29"]
[SourceVersion "1"]
[SourceVersionDate "2014.08.29"]
[SourceQuality "1"]

1. d4 Nf6 2. Nf3 d5 3. g3 c5 4. Bg2 Bg4 5. 0-0 h6 6. dxc5 Nc6 7. c3 e6 8. b4 Be7 9. Bb2 0-0 10. Nbd2 a5 11. a3 Qc7 12. Nb3 Bxf3 13. Bxf3 Ne5 14. Nd4 Nc4 15. Qc2 Nd7 16. e4 Nf6 17. exd5 exd5 18. Bc1 Qd7 19. a4 b6 20. c6 Qc8 21. Re1 Re8 22. Nf5 Bf8 23. Rxe8 Qxe8 24. b5 Qe1+ 25. Kg2 Ne5 26. Bb2 Nd3 27. Rd1 Qxf2+ 28. Qxf2 Nxf2 29. Kxf2 Bc5+ 30. Kf1 Rd8 31. Bc1 Kh7 32. Be3 Bxe3 33. Nxe3 1-0

[Event "Rheinland Pfalz op 5th"]
[Site "Worms"]
[Date "2013.06.01"]
[Round "6"]
[White "Weber, Frank"]
[Black "Geisert, Bernd"]
[Result "1-0"]
[WhiteElo "1393"]
[BlackElo "1661"]
[PlyCount "39"]
[EventDate "2013.05.30"]
[EventType "swiss"]
[EventRounds "7"]
[EventCountry "GER"]
[SourceTitle "EXT 2014"]
[Source "ChessBase"]
[SourceDate "2013.11.20"]
[SourceVersion "1"]
[SourceVersionDate "2013.11.20"]
[SourceQuality "1"]

1. e4 c6 2. d4 d5 3. e5 Bf5 4. Nf3 e6 5. Nc3 Be7 6. Be2 Nd7 7. 0-0 h6 8. a3 Qc7 9. Bd3 Bxd3 10. Qxd3 a6 11. Bf4 c5 12. Rfe1 c4 13. Qd2 Bf8 14. Nxd5 exd5 15. e6 Bd6 16. exd7+ Kxd7 17. Bxd6 Kxd6 18. Qb4+ Kd7 19. Ne5+ Kd8 20. Qf8# 1-0

[Event "Rheinland Pfalz op 5th"]
[Site "Worms"]
[Date "2013.05.31"]
[Round "3"]
[White "Plitzko, Christian"]
[Black "Weber, Frank"]
[Result "1-0"]
[WhiteElo "1834"]
[BlackElo "1393"]
[PlyCount "49"]
[EventDate "2013.05.30"]
[EventType "swiss"]
[EventRounds "7"]
[EventCountry "GER"]
[SourceTitle "EXT 2014"]
[Source "ChessBase"]
[SourceDate "2013.11.20"]
[SourceVersion "1"]
[SourceVersionDate "2013.11.20"]
[SourceQuality "1"]

1. e4 c5 2. Nf3 d6 3. d4 cxd4 4. Nxd4 Nf6 5. Nc3 g6 6. Be3 a6 7. Be2 Bg7 8. Qd2 0-0 9. 0-0-0 Re8 10. h4 Bd7 11. h5 Nc6 12. hxg6 fxg6 13. Bc4+ e6 14. Nf3 Bf8 15. Bh6 Be7 16. Bf4 Nxe4 17. Nxe4 d5 18. Bxd5 Bf6 19. Nxf6+ Qxf6 20. Bxc6 Bxc6 21. Be5 Qf5 22. Rxh7 Kxh7 23. Rh1+ Kg8 24. Rh8+ Kf7 25. Ng5+ 1-0

[Event "Rheinland Pfalz op 5th"]
[Site "Worms"]
[Date "2013.05.30"]
[Round "1"]
[White "Kleehammer, Otto"]
[Black "Weber, Frank"]
[Result "1-0"]
[WhiteElo "1938"]
[BlackElo "1393"]
[PlyCount "137"]
[EventDate "2013.05.30"]
[EventType "swiss"]
[EventRounds "7"]
[EventCountry "GER"]
[SourceTitle "EXT 2014"]
[Source "ChessBase"]
[SourceDate "2013.11.20"]
[SourceVersion "1"]
[SourceVersionDate "2013.11.20"]
[SourceQuality "1"]

1. f4 c5 2. Nf3 Nc6 3. e4 d6 4. Nc3 a6 5. a4 Nf6 6. Bc4 Bg4 7. h3 Bxf3 8. Qxf3 Nd4 9. Qd1 e6 10. d3 Be7 11. 0-0 0-0 12. Ne2 Nc6 13. Bb3 Qc7 14. c3 Rab8 15. f5 e5 16. g4 Na5 17. g5 c4 18. gxf6 Bxf6 19. Bc2 cxd3 20. Qxd3 Nc4 21. Kh2 d5 22. b3 Nb6 23. Qg3 Rbd8 24. Rg1 Kh8 25. Bg5 Rg8 26. Bxf6 gxf6 27. Qh4 Qe7 28. Rxg8+ Rxg8 29. Rg1 Rxg1 30. Kxg1 Qc5+ 31. Qf2 d4 32. Bd1 Qc6 33. Qf3 dxc3 34. Nxc3 Qc5+ 35. Kg2 Qd4 36. Be2 Nd7 37. Qd3 Nc5 38. Qxd4 exd4 39. Nd5 Kg7 40. Bc4 Nxe4 41. Nf4 a5 42. Kf3 Nd6 43. Bd3 Kf8 44. Ne2 b6 45. Nxd4 Nb7 46. Bc4 Nd6 47. Bd3 Nb7 48. Nb5 Nc5 49. Bc4 Nd7 50. Ke4 Ke7 51. Nc7 Ne5 52. Nd5+ Kd6 53. Be2 Nd7 54. Kd4 h6 55. Bc4 Ne5 56. Nxf6 Nf3+ 57. Ke3 Ne5 58. Ne4+ Ke7 59. Bb5 f6 60. Nc3 Kd6 61. Ke4 Nf7 62. Kd4 Ng5 63. Ne4+ Nxe4 64. Kxe4 Kc5 65. Bc4 h5 66. Kf4 Kd4 67. Kg3 Ke5 68. Be6 Kd6 69. Kh4 1-0

[Event "Rheinland Pfalz op 4th"]
[Site "Altenkirchen"]
[Date "2012.06.07"]
[Round "2"]
[White "Weber, Frank"]
[Black "Stoica, Vlad"]
[Result "0-1"]
[WhiteElo "1357"]
[BlackElo "1780"]
[PlyCount "82"]
[EventDate "2012.06.07"]
[EventType "swiss"]
[EventRounds "7"]
[EventCountry "GER"]
[SourceTitle "CBM 148 Extra"]
[Source "ChessBase"]
[SourceDate "2012.06.22"]
[SourceVersion "1"]
[SourceVersionDate "2012.06.22"]
[SourceQuality "1"]

1. e4 e5 2. Nf3 Nc6 3. Bb5 a6 4. Ba4 Nf6 5. d3 b5 6. Bb3 Be7 7. a3 0-0 8. Bd2 d6 9. h3 Be6 10. Bxe6 fxe6 11. Nc3 d5 12. Qe2 Nd4 13. Nxd4 exd4 14. Na2 dxe4 15. dxe4 e5 16. 0-0 c5 17. c4 Rb8 18. b4 d3 19. Qe1 bxc4 20. f3 cxb4 21. Bxb4 Qd4+ 22. Kh1 Bxb4 23. Nxb4 Rb6 24. Qd2 a5 25. Na2 Rb2 26. Qxa5 Nh5 27. Rg1 Nf4 28. Qe1 Ne2 29. Rf1 Nf4 30. Rg1 Re2 31. Qg3 Rf6 32. Qg4 Qd8 33. Qh4 Qe8 34. Nc3 Rh6 35. Qg3 Rg6 36. Nxe2 Rxg3 37. Nxg3 c3 38. Rgd1 c2 39. Rd2 Qc6 40. Rc1 Qc3 41. Nf1 Ne2 0-1